[Event "Botvinnik 100th Open"]
[Site "St Petersburg RUS"]
[Date "2011.08.16"]
[Round "5"]
[White "Babaev, David"]
[Black "Tarasov, Ilya"]
[Result "0-1"]
[WhiteElo "1846"]
[BlackElo "2006"]
[WhiteFideId "4161408"]
[BlackFideId "24157945"]
[EventDate "2011.08.12"]

1. e4 d6 2. d4 Nf6 3. Nc3 g6 4. Bd3 c6 5. Nge2 Bg7 6. O-O O-O 7. f3 Nbd7 8. Be3
Qc7 9. a4 e5 10. b4 exd4 11. Bxd4 a5 12. bxa5 Qxa5 13. Qb1 c5 14. Bf2 Ne5 15.
Rc1 c4 16. Bb6 Qa6 17. f4 Ned7 18. e5 dxe5 19. fxe5 Qxb6+ 20. Qxb6 Nxb6 21. exf6
Bh6 22. Be4 Bxc1 23. Nxc1 Re8 24. Bf3 Nxa4 25. Nxa4 Bd7 26. Bxb7 Rxa4 27. Rb1
Rb8 28. Kf2 Ra7 0-1

[Event "Botvinnik 100th Open"]
[Site "St Petersburg RUS"]
[Date "2011.08.16"]
[Round "5"]
[White "Zheleznaykov, Peter"]
[Black "Tantsov, Peter"]
[Result "1-0"]
[WhiteElo "1962"]
[BlackElo "1777"]
[WhiteFideId "24104620"]
[BlackFideId "24149489"]
[EventDate "2011.08.12"]

1. e4 e6 2. d4 d5 3. e5 c5 4. c3 Nc6 5. Nf3 Bd7 6. Be2 Qb6 7. O-O cxd4 8. cxd4
Nge7 9. b3 Nf5 10. Bb2 Be7 11. g4 Nh6 12. h3 f6 13. Nc3 fxe5 14. dxe5 Nf7 15.
Rc1 Rc8 16. Kg2 Qc7 17. a3 Nfxe5 18. Nxd5 exd5 19. Nxe5 Bf6 20. Re1 Qd6 21. Nc4
Qf4 22. Bxf6 Qxf6 23. Bf3+ Ne7 24. Qxd5 Kf8 25. Qxd7 1-0

[Event "Botvinnik 100th Open"]
[Site "St Petersburg RUS"]
[Date "2011.08.16"]
[Round "5"]
[White "Uyanik, Mehmet"]
[Black "Dzhavathanov, Magomed"]
[Result "0-1"]
[WhiteElo "1719"]
[BlackElo "1794"]
[WhiteFideId "6363164"]
[BlackFideId "24106020"]
[EventDate "2011.08.12"]

1. e4 d6 2. d4 Nf6 3. Nc3 g6 4. Be2 Bg7 5. h4 c5 6. Be3 cxd4 7. Bxd4 Nc6 8. Be3
h5 9. Nf3 Ng4 10. Bg5 Be6 11. O-O Bxc3 12. bxc3 Rc8 13. Nd4 Bd7 14. Rb1 Na5 15.
Nb5 f6 16. Bf4 a6 17. Nd4 e5 18. Bg3 exd4 19. Qxd4 O-O 20. Bxd6 Rf7 21. c4 Be6
22. Bxg4 Rxc4 23. Qd3 hxg4 24. Rfd1 Rc6 25. Qg3 Rd7 26. Re1 Rcxd6 27. f3 Rd1 28.
fxg4 Rxb1 29. Rxb1 Rd1+ 30. Rxd1 Qxd1+ 31. Kh2 Qd7 32. Qf4 Kg7 33. e5 f5 34. Qg5
Qf7 35. h5 fxg4 36. h6+ Kh7 37. Qd2 Nc6 38. Qe3 Qc7 39. Kg3 Qxe5+ 40. Qxe5 Nxe5 0-1

[Event "Botvinnik 100th Open"]
[Site "St Petersburg RUS"]
[Date "2011.08.17"]
[Round "6"]
[White "Ponkratov, Pavel"]
[Black "Yemelin, Vasily"]
[Result "1/2-1/2"]
[WhiteTitle "GM"]
[BlackTitle "GM"]
[WhiteElo "2593"]
[BlackElo "2592"]
[WhiteFideId "4157800"]
[BlackFideId "4113217"]
[EventDate "2011.08.12"]

1. e4 e5 2. Nc3 Nf6 3. f4 d5 4. exd5 Nxd5 5. fxe5 Qh4+ 6. g3 Nxc3 7. gxh4 Nxd1
8. Kxd1 Bg4+ 9. Be2 Bxe2+ 10. Kxe2 Nc6 11. Nf3 O-O-O 12. Kd1 f6 13. exf6 gxf6
14. d3 Nd4 15. Ne1 Rg8 16. Rf1 Bd6 17. Be3 Nc6 18. Nf3 Ne5 19. Kd2 Rg2+ 20. Kc3
Nxf3 21. Rxf3 Rxh2 22. Bd4 Bb4+ 23. Kxb4 Rxd4+ 24. Kc3 Rd6 25. Rc1 Rc6+ 26. Kb3
Rxh4 27. Rf2 a5 28. Re1 Kd7 29. Rfe2 Rd6 30. Re7+ Kc6 31. Rf7 Kb6 32. Ree7 Rc6
33. c3 h5 34. Rh7 Rh2 35. d4 Ka7 36. Ka3 Kb6 37. d5 Rc5 38. Re6+ Ka7 39. Rxf6
Rxd5 40. Rxc7 Rdd2 41. Rc5 Rxb2 42. Rxa5+ Kb8 43. Rxh5 1/2-1/2

[Event "Botvinnik 100th Open"]
[Site "St Petersburg RUS"]
[Date "2011.08.17"]
[Round "6"]
[White "Maletin, Pavel"]
[Black "Aleksandrov, Aleksej"]
[Result "1/2-1/2"]
[WhiteTitle "GM"]
[BlackTitle "GM"]
[WhiteElo "2575"]
[BlackElo "2609"]
[WhiteFideId "4146786"]
[BlackFideId "13500139"]
[EventDate "2011.08.12"]

1. d4 d5 2. c4 e6 3. Nf3 Nf6 4. g3 Bb4+ 5. Bd2 Be7 6. Bg2 O-O 7. O-O c6 8. Qc2
Nbd7 9. Bf4 b6 10. Rd1 Bb7 11. Nc3 dxc4 12. Nd2 Nd5 13. Nxc4 Nxf4 14. gxf4 Qc7
15. e3 Rad8 16. a3 c5 17. d5 exd5 18. Nxd5 Bxd5 19. Rxd5 b5 20. Ne5 Nxe5 21.
Rxe5 Bd6 22. Rd5 Be7 23. Re5 Bd6 24. Rd5 Be7 25. Re5 Bd6 1/2-1/2

[Event "Botvinnik 100th Open"]
[Site "St Petersburg RUS"]
[Date "2011.08.17"]
[Round "6"]
[White "Aitbayev, Aslan"]
[Black "Pridorozhni, Aleksei"]
[Result "1/2-1/2"]
[BlackTitle "GM"]
[WhiteElo "2346"]
[BlackElo "2550"]
[WhiteFideId "13704613"]
[BlackFideId "4127870"]
[EventDate "2011.08.12"]

1. e4 e5 2. Nf3 Nc6 3. Bb5 a6 4. Ba4 d6 5. c3 g6 6. d4 Bd7 7. O-O Bg7 8. d5 Nce7
9. c4 h6 10. Nc3 f5 11. exf5 gxf5 12. Bc2 Ng6 13. Re1 N8e7 14. Be3 c5 15. dxc6
Bxc6 16. Nd2 O-O 17. Qh5 Kh7 18. Nd5 Bxd5 19. cxd5 Rc8 20. Rac1 e4 21. Nxe4 fxe4
22. Bxe4 Rxc1 23. Rxc1 Qd7 24. Bg5 Kg8 25. Bxh6 Bxh6 26. Qxh6 Qg4 27. Re1 Nf5
28. h3 Nxh6 29. hxg4 Re8 30. f3 Kf8 31. Kf2 Ne5 32. g5 Nhf7 33. f4 Nc4 34. b3
Na3 35. Bf5 Rxe1 36. Kxe1 Nb5 37. Kd2 Nc7 38. Be4 a5 39. Ke3 Kg7 40. g4 b5 41.
a3 Na6 42. Bd3 b4 43. axb4 Nxb4 44. Be4 Nd8 45. Kd4 Nb7 46. Kc4 Nc5 47. Bb1 Nd7
48. Be4 1/2-1/2

[Event "Botvinnik 100th Open"]
[Site "St Petersburg RUS"]
[Date "2011.08.17"]
[Round "6"]
[White "Dvoirys, Semen I."]
[Black "Polivanov, Anatoliy"]
[Result "1-0"]
[WhiteTitle "GM"]
[BlackTitle "IM"]
[WhiteElo "2554"]
[BlackElo "2435"]
[WhiteFideId "4100379"]
[BlackFideId "14109468"]
[EventDate "2011.08.12"]

1. e4 e6 2. d4 d5 3. e5 c5 4. c3 Nc6 5. Nf3 Bd7 6. Be2 f6 7. O-O Qb6 8. Na3 fxe5
9. dxe5 Nh6 10. c4 d4 11. Re1 Nf7 12. Bd3 Be7 13. h4 O-O-O 14. Nc2 Rdg8 15. b4
cxb4 16. Bb2 g5 17. Be4 g4 18. Nfxd4 g3 19. f4 Bc5 20. Re3 h5 21. Qd3 Rg4 22.
Bxc6 bxc6 23. Rf1 Rxh4 24. Rxg3 Nh6 25. a3 Nf5 26. axb4 Nxg3 27. Qxg3 Rg4 28.
Qa3 Rhg8 29. Rf2 Be7 30. c5 Qb7 31. f5 Bh4 32. Re2 exf5 33. e6 Be8 34. Nxf5 Kb8
35. Be5+ Ka8 36. Nxh4 Rxh4 37. Rd2 Bg6 38. Qa5 Rc8 39. Rd7 Bxc2 40. Rxb7 Kxb7
41. b5 Ra4 42. Qd2 1-0

[Event "Botvinnik 100th Open"]
[Site "St Petersburg RUS"]
[Date "2011.08.17"]
[Round "6"]
[White "Polyaninov, Aleksey"]
[Black "Kovchan, Alexander"]
[Result "0-1"]
[BlackTitle "GM"]
[WhiteElo "2365"]
[BlackElo "2554"]
[WhiteFideId "4118499"]
[BlackFideId "14103052"]
[EventDate "2011.08.12"]

1. d4 Nf6 2. c4 g6 3. Nc3 d5 4. Nf3 Bg7 5. cxd5 Nxd5 6. Bd2 c5 7. Rc1 Nxc3 8.
Bxc3 cxd4 9. Nxd4 O-O 10. e3 e5 11. Nb5 Nc6 12. Bc4 Qe7 13. a4 Rd8 14. Qe2 a6
15. Na3 e4 16. O-O Bxc3 17. Rxc3 Ne5 18. f3 exf3 19. gxf3 Bh3 20. Re1 Rd2 0-1

[Event "Botvinnik 100th Open"]
[Site "St Petersburg RUS"]
[Date "2011.08.17"]
[Round "6"]
[White "Zvjaginsev, Vadim"]
[Black "Yevseev, Denis"]
[Result "1-0"]
[WhiteTitle "GM"]
[BlackTitle "GM"]
[WhiteElo "2659"]
[BlackElo "2527"]
[WhiteFideId "4113403"]
[BlackFideId "4126378"]
[EventDate "2011.08.12"]

1. e4 c6 2. Nc3 d5 3. d3 dxe4 4. Nxe4 Nd7 5. Qe2 Ndf6 6. Bf4 Nxe4 7. dxe4 Nf6 8.
Nf3 g6 9. h3 Bg7 10. Be5 O-O 11. c3 Qb6 12. Qc2 c5 13. Bc4 Be6 14. Bxe6 Qxe6 15.
O-O Rfd8 16. Rfe1 Nh5 17. Bh2 Bh6 18. Qb3 Qxb3 19. axb3 Nf4 20. Bxf4 Bxf4 21.
Ra5 b6 22. Ra6 b5 23. Rc6 Rac8 24. Rxc8 Rxc8 25. Ra1 Rc7 26. Kf1 e6 27. Ke2 Kf8
28. g3 Bd6 29. Ra6 Rd7 30. Rc6 Rd8 31. Ra6 Rd7 32. Rc6 Rd8 33. Ne1 Ke8 34. Nd3
Kd7 35. Ra6 Ra8 36. c4 bxc4 37. bxc4 Kc7 38. f4 h5 39. Ke3 Kd7 40. Kf3 Kc7 41.
Ke3 Kd7 42. Kd2 Kc7 43. Kc2 Kd7 44. Kb3 Rb8+ 45. Ka4 Rb7 46. b4 1-0

[Event "Botvinnik 100th Open"]
[Site "St Petersburg RUS"]
[Date "2011.08.17"]
[Round "6"]
[White "Levin, Evgeny A."]
[Black "Kuzubov, Yuriy"]
[Result "1-0"]
[WhiteTitle "GM"]
[BlackTitle "GM"]
[WhiteElo "2465"]
[BlackElo "2630"]
[WhiteFideId "4182596"]
[BlackFideId "14112906"]
[EventDate "2011.08.12"]

1. d4 Nf6 2. c4 g6 3. Nc3 Bg7 4. e4 d6 5. f4 O-O 6. Nf3 c5 7. dxc5 Qa5 8. Bd3
Qxc5 9. Qe2 Nc6 10. Be3 Qa5 11. O-O Nb4 12. h3 Nh5 13. Qd2 Nxd3 14. Qxd3 f5 15.
Rfe1 fxe4 16. Qxe4 Qf5 17. Qxf5 gxf5 18. Bd4 Rf7 19. Rad1 Nxf4 20. Ng5 Bxd4+ 21.
Rxd4 Rg7 22. Rxf4 e5 23. Rd4 Rxg5 24. Rxd6 b6 25. Rxe5 Bb7 26. Nd5 Kh8 27. Rd7
Bc6 28. Rc7 Bxd5 29. Rxd5 Rag8 30. Rd2 a5 31. Kf1 h5 32. Rc6 R8g6 33. Rdd6 Rg7
34. Rh6+ 1-0

[Event "Botvinnik 100th Open"]
[Site "St Petersburg RUS"]
[Date "2011.08.17"]
[Round "6"]
[White "Savchenko, Boris"]
[Black "Derbenev, Andrey"]
[Result "1-0"]
[WhiteTitle "GM"]
[WhiteElo "2615"]
[BlackElo "2331"]
[WhiteFideId "4147332"]
[BlackFideId "4154169"]
[EventDate "2011.08.12"]

1. d4 Nf6 2. c4 e6 3. Nf3 b6 4. Nc3 Bb4 5. Bg5 h6 6. Bh4 Bb7 7. Nd2 Qe7 8. f3 e5
9. dxe5 Bxc3 10. bxc3 Qxe5 11. Bg3 Qe3 12. Bxc7 O-O 13. Qc2 Re8 14. Bg3 d5 15.
cxd5 Bxd5 16. Bf2 Qg5 17. e4 Nc6 18. Be2 Qxg2 19. Rg1 Qxh2 20. exd5 Qe5 21. Ne4
Nxd5 22. O-O-O Ncb4 23. cxb4 Rac8 24. Bc4 Nxb4 25. Bd4 Qf4+ 26. Qd2 Rxc4+ 27.
Kb1 Rxe4 28. Qg2 g6 29. fxe4 Rc2 30. Rgf1 Qc7 31. Qf3 Rxa2 32. Bc3 1-0

[Event "Botvinnik 100th Open"]
[Site "St Petersburg RUS"]
[Date "2011.08.17"]
[Round "6"]
[White "Epishin, Vladimir"]
[Black "Malakhov, Igor"]
[Result "1/2-1/2"]
[WhiteTitle "GM"]
[BlackTitle "FM"]
[WhiteElo "2553"]
[BlackElo "2448"]
[WhiteFideId "4162714"]
[BlackFideId "4183088"]
[EventDate "2011.08.12"]

1. d4 Nf6 2. Nf3 c5 3. d5 g6 4. Nc3 Bg7 5. e4 d6 6. Bb5+ Bd7 7. a4 O-O 8. O-O
Na6 9. Re1 Nc7 10. Bf1 e5 11. dxe6 Bxe6 12. Bg5 h6 13. Bh4 g5 14. Bg3 d5 15.
exd5 Ncxd5 16. Nxd5 Qxd5 17. Qxd5 Nxd5 18. c3 Rad8 19. a5 a6 20. h4 g4 21. Ne5
Rfe8 22. Bc4 Nf6 23. Rad1 Rxd1 24. Rxd1 Nh5 25. Bxe6 Rxe6 26. Rd8+ Kh7 27. Nxf7
Nxg3 28. fxg3 Re2 29. Rd7 Rxb2 30. Nd8 Kg8 31. Nxb7 c4 32. Rd8+ Kh7 33. Rd7 Kg8
34. Rd8+ Kf7 35. Nd6+ Ke7 36. Rg8 Bd4+ 37. Kf1 Kxd6 38. Rd8+ Kc5 39. Rxd4 Rc2
40. Rxg4 Rxc3 41. Rg6 Re3 42. Rxa6 c3 43. Ra8 Re6 44. Rc8+ Kd4 45. Kf2 Kd3 46.
Rd8+ Kc4 47. Rc8+ Kb3 48. g4 c2 49. g5 hxg5 50. h5 Rd6 51. Ke3 Rd1 52. Ke4 c1=Q
53. Rxc1 Rxc1 54. a6 Rf1 55. a7 Rf8 56. g4 Kc4 57. h6 Kc5 58. Ke5 Kb6 59. a8=Q
Rxa8 60. Kf6 Kc5 61. h7 1/2-1/2

[Event "Botvinnik 100th Open"]
[Site "St Petersburg RUS"]
[Date "2011.08.17"]
[Round "6"]
[White "Geller, Jakov"]
[Black "Vunder, Andrey"]
[Result "1-0"]
[WhiteTitle "IM"]
[WhiteElo "2535"]
[BlackElo "2308"]
[WhiteFideId "4151984"]
[BlackFideId "4128338"]
[EventDate "2011.08.12"]

1. e4 c6 2. d4 d5 3. exd5 cxd5 4. c4 Nf6 5. Nc3 e6 6. Nf3 Be7 7. cxd5 Nxd5 8.
Bd3 Nc6 9. O-O O-O 10. Re1 Bf6 11. Be4 Nce7 12. Ne5 Nc6 13. Qd3 h6 14. Qh3 Bg5
15. Bxg5 Qxg5 16. Rad1 Nce7 17. Qf3 Rb8 18. Nxd5 exd5 19. Bxd5 Nxd5 20. Qxd5 Be6
21. Qe4 Bxa2 22. Nd7 Bd5 23. h4 Qh5 24. Qf4 Qg6 25. f3 Rbd8 26. Nxf8 Rxf8 27.
Re5 Rd8 28. Qe3 f6 29. Re7 Rc8 30. Kh2 Qh5 31. Qf4 Rc2 32. Qg3 Bf7 33. d5 Rc4
34. Kg1 Rxh4 35. Kf2 Rb4 36. Rd2 Rb5 37. Qb8+ Kh7 38. Qf4 a5 39. d6 Rb4 40. Qxb4
axb4 41. d7 Qc5+ 42. Re3 f5 43. f4 g5 44. g3 gxf4 45. gxf4 Qc7 46. d8=Q Qxf4+
47. Rf3 Qh2+ 48. Ke1 Qg1+ 49. Rf1 Qg3+ 50. Rdf2 Bh5 51. Qd7+ Kg8 52. Kd2 1-0

[Event "Botvinnik 100th Open"]
[Site "St Petersburg RUS"]
[Date "2011.08.17"]
[Round "6"]
[White "Onischuk, Vladimir"]
[Black "Sichinava, Zviad"]
[Result "1-0"]
[WhiteTitle "IM"]
[WhiteElo "2490"]
[BlackElo "2364"]
[WhiteFideId "14114038"]
[BlackFideId "24111716"]
[EventDate "2011.08.12"]

1. e4 e6 2. d3 d5 3. Nd2 c5 4. Ngf3 Nc6 5. g3 Nf6 6. Bg2 Be7 7. O-O e5 8. Qe2 d4
9. Nc4 Nd7 10. a4 b6 11. Bd2 a6 12. Bh3 Qc7 13. b3 Rb8 14. Bxd7+ Bxd7 15. Nfxe5
Bh3 16. Qh5 Nxe5 17. Nxe5 Be6 18. f4 g6 19. Qe2 f6 20. f5 fxe5 21. fxe6 h5 22.
Rf7 Qd6 23. Raf1 Qxe6 24. Qf3 Rd8 25. h4 Rd7 26. Bg5 Bd6 27. Rf6 Qg8 28. Qg2
Rhh7 29. Qh3 Rhe7 30. Rxd6 Rxd6 31. Qc8+ Rd8 32. Qc6+ Rdd7 33. Bxe7 Kxe7 34.
Qf6+ 1-0

[Event "Botvinnik 100th Open"]
[Site "St Petersburg RUS"]
[Date "2011.08.17"]
[Round "6"]
[White "Vlasenko, Miroslav"]
[Black "Yakovich, Yuri"]
[Result "0-1"]
[WhiteTitle "IM"]
[BlackTitle "GM"]
[WhiteElo "2371"]
[BlackElo "2539"]
[WhiteFideId "4151887"]
[BlackFideId "4100654"]
[EventDate "2011.08.12"]

1. d4 d5 2. Bf4 c5 3. e4 dxe4 4. d5 Nf6 5. Nc3 a6 6. a4 g6 7. Bc4 Bg7 8. f3 Qa5
9. Bb3 O-O 10. Qd2 b5 11. Ra2 b4 12. Nxe4 Nbd7 13. c4 bxc3 14. Qxc3 Qb4 15. Qxb4
cxb4 16. d6 Nxe4 17. fxe4 e6 18. Be3 Be5 19. Nf3 Bxd6 20. Ke2 Nc5 21. Rd1 Be7
22. Bc4 Nxe4 23. Ne5 Bf6 24. Bd3 Bxe5 25. Bxe4 b3 26. Raa1 Rb8 27. Bc5 Bxb2 28.
Bxf8 Kxf8 29. Rd8+ Ke7 30. Rad1 Be5 31. a5 b2 32. g3 h5 33. Rg8 Rb4 34. Bb1 Bd7
35. Ra8 Bb5+ 36. Ke3 Rb3+ 37. Kd2 Bd4 38. Be4 f5 39. Bb1 e5 40. Rg8 Kf6 0-1

[Event "Botvinnik 100th Open"]
[Site "St Petersburg RUS"]
[Date "2011.08.17"]
[Round "6"]
[White "Smikovski, Ivan"]
[Black "Solovjov, Sergey I."]
[Result "0-1"]
[WhiteTitle "IM"]
[BlackTitle "IM"]
[WhiteElo "2541"]
[BlackElo "2387"]
[WhiteFideId "4124650"]
[BlackFideId "4122780"]
[EventDate "2011.08.12"]

1. e4 c5 2. Nf3 d6 3. d4 cxd4 4. Nxd4 Nf6 5. Nc3 g6 6. Be3 Bg7 7. f3 O-O 8. Qd2
Nc6 9. Bc4 Bd7 10. O-O-O Rb8 11. Bb3 Na5 12. Bh6 Bxh6 13. Qxh6 b5 14. g4 Nxb3+
15. Nxb3 Rc8 16. h4 Qc7 17. Rd2 b4 18. Nd5 Nxd5 19. exd5 f6 20. h5 g5 21. f4 Qc4
22. fxg5 Qe4 23. Rhd1 Qe3 24. Nd4 Bxg4 25. Ne6 Bxe6 0-1

[Event "Botvinnik 100th Open"]
[Site "St Petersburg RUS"]
[Date "2011.08.17"]
[Round "6"]
[White "Ovod, Evgenija"]
[Black "Sedlak, Nikola"]
[Result "0-1"]
[WhiteTitle "IM"]
[BlackTitle "GM"]
[WhiteElo "2420"]
[BlackElo "2580"]
[WhiteFideId "4131827"]
[BlackFideId "922900"]
[EventDate "2011.08.12"]

1. Nf3 Nf6 2. c4 g6 3. Nc3 Bg7 4. e4 d6 5. d4 O-O 6. h3 Na6 7. g4 c5 8. d5 e6 9.
Bd3 Re8 10. Kf1 Nc7 11. a4 Na6 12. Ra3 Nb4 13. Bb1 b6 14. Kg2 a6 15. Bf4 exd5
16. exd5 Ra7 17. Qc1 Qd7 18. Bg3 h6 19. Qf4 Rd8 20. Bh4 g5 21. Nxg5 hxg5 22.
Bxg5 Nh7 23. Bf5 Qe8 24. Bxd8 Bxf5 25. Bxb6 Rb7 26. Qxf5 Rxb6 27. Ne4 Qe5 28.
Rf3 Qxf5 29. gxf5 Be5 30. Rc1 Kg7 31. f6+ Nxf6 32. Nxf6 Bxf6 33. b3 Be5 34. h4
Rb8 35. Kh3 Rh8 36. Rf5 Nd3 37. Rg1+ Kf8 38. Rg4 Bd4 39. Kg3 Nc1 40. Rf3 Be5+
41. Kh3 Ne2 42. Re3 Nd4 43. b4 cxb4 44. c5 f5 45. Rg1 Bf4 46. c6 Bxe3 47. fxe3
Ne2 48. Rg6 b3 49. Rh6 Rg8 50. Rh7 f4 51. exf4 Nxf4+ 52. Kh2 Rg2+ 53. Kh1 b2 54.
Rb7 Rc2 55. c7 Nd3 56. h5 Rxc7 57. Rb8+ Kg7 0-1

[Event "Botvinnik 100th Open"]
[Site "St Petersburg RUS"]
[Date "2011.08.17"]
[Round "6"]
[White "Iljin, Timofey"]
[Black "Pankov, German"]
[Result "1-0"]
[WhiteTitle "IM"]
[BlackTitle "FM"]
[WhiteElo "2504"]
[BlackElo "2387"]
[WhiteFideId "14110180"]
[BlackFideId "4174569"]
[EventDate "2011.08.12"]

1. d4 d5 2. c4 c6 3. Nc3 Nf6 4. Nf3 dxc4 5. a4 Bf5 6. Nh4 Bd7 7. e4 e6 8. Bxc4
Nxe4 9. Nxe4 Qxh4 10. Bd3 Bb4+ 11. Bd2 Bxd2+ 12. Qxd2 Qe7 13. O-O O-O 14. Ra3
Bc8 15. Bb1 Nd7 16. Re1 Nf6 17. Rh3 Nxe4 18. Rxe4 f5 19. Reh4 g6 20. Rxh7 Qxh7
21. Rxh7 Kxh7 22. Qb4 Rf7 23. Ba2 Kg7 24. h4 b6 25. Qc3 Kh7 26. Qxc6 Bb7 27.
Qxe6 Rg7 28. h5 Rc8 29. hxg6+ Rxg6 30. Qf7+ Rg7 31. Qh5# 1-0

[Event "Botvinnik 100th Open"]
[Site "St Petersburg RUS"]
[Date "2011.08.17"]
[Round "6"]
[White "Klimentiev, Sergey"]
[Black "Rozum, Ivan"]
[Result "1/2-1/2"]
[BlackTitle "IM"]
[WhiteElo "1698"]
[BlackElo "2464"]
[WhiteFideId "24155896"]
[BlackFideId "24104272"]
[EventDate "2011.08.12"]

1. d4 Nf6 2. c4 g6 3. Nc3 Bg7 4. Nf3 O-O 5. e4 d6 6. Be2 e5 7. Be3 Ng4 8. Bg5 f6
9. Bh4 g5 10. Bg3 Nh6 11. dxe5 dxe5 12. h4 g4 13. Nh2 c6 14. O-O Qxd1 15. Raxd1
Be6 16. f3 gxf3 17. Rxf3 Na6 18. Bf2 Kf7 19. a3 Ng4 20. Nxg4 Bxg4 21. Rg3 Be6
22. b4 Nc7 23. Na4 Rad8 24. Rxd8 Rxd8 25. Bxa7 Ra8 26. Bb6 Rxa4 27. Bxc7 c5 28.
bxc5 Bxc4 29. Bh5+ Kg8 30. Bg4 Bb5 31. Be6+ Kh8 32. Bd5 Bc6 33. Rd3 Bh6 34. Bxc6
bxc6 35. Rd6 Be3+ 36. Kf1 Bxc5 37. Rxf6 Rxe4 38. Rxc6 Bxa3 39. Re6 Rxh4 40.
Bxe5+ Kg8 41. g3 Re4 42. Ra6 Rxe5 43. Rxa3 Kg7 1/2-1/2

[Event "Botvinnik 100th Open"]
[Site "St Petersburg RUS"]
[Date "2011.08.17"]
[Round "6"]
[White "Kashtanov, Ruslan"]
[Black "Lintchevski, Daniil"]
[Result "0-1"]
[WhiteTitle "IM"]
[BlackTitle "GM"]
[WhiteElo "2360"]
[BlackElo "2553"]
[WhiteFideId "4124871"]
[BlackFideId "4171055"]
[EventDate "2011.08.12"]

1. c4 Nf6 2. d4 g6 3. Nc3 Bg7 4. e4 d6 5. h3 O-O 6. Bg5 Na6 7. Bd3 e5 8. d5 Qe8
9. Nge2 Nd7 10. a3 f5 11. f3 f4 12. Bh4 g5 13. Bf2 c5 14. Nb5 Qe7 15. g4 fxg3
16. Nxg3 Nf6 17. Qd2 Ne8 18. O-O-O Rxf3 19. Rdg1 Nac7 20. Nxc7 Qxc7 21. Be3 h6
22. Be2 Rf4 23. h4 Nf6 24. hxg5 hxg5 25. Nh5 Nxe4 26. Qc2 Bf5 27. Bd3 Re8 28.
Bxf4 exf4 29. Re1 Qe7 30. Nxg7 Kxg7 31. Qh2 Qe5 32. Qh6+ Kf7 33. Be2 Ke7 0-1

[Event "Botvinnik 100th Open"]
[Site "St Petersburg RUS"]
[Date "2011.08.17"]
[Round "6"]
[White "Neverov, Valeriy"]
[Black "Pasiev, Rakhim"]
[Result "1-0"]
[WhiteTitle "GM"]
[BlackTitle "FM"]
[WhiteElo "2500"]
[BlackElo "2313"]
[WhiteFideId "14100150"]
[BlackFideId "24122475"]
[EventDate "2011.08.12"]

1. d4 e6 2. Nf3 f5 3. Bf4 Nf6 4. e3 b6 5. Bd3 Bb7 6. Nbd2 c5 7. h3 Nc6 8. c3 d5
9. g4 Ne4 10. gxf5 exf5 11. Bb5 Bd6 12. Qa4 Qc7 13. Ne5 Bxe5 14. Bxe5 Qd7 15.
Nxe4 fxe4 16. Bxg7 Rg8 17. Bf6 a6 18. Be2 Qf7 19. Bh4 c4 20. Kd2 b5 21. Qa3 Qf8
22. Qxf8+ Kxf8 23. Rag1 Kf7 24. Bh5+ Ke6 25. Bg4+ Kf7 26. f3 exf3 27. Rg3 Raf8
28. Rxf3+ Ke8 29. Rhf1 Ne7 30. Rxf8+ Rxf8 31. Bd7+ 1-0

[Event "Botvinnik 100th Open"]
[Site "St Petersburg RUS"]
[Date "2011.08.17"]
[Round "6"]
[White "Efanov, Nikolai"]
[Black "Orlov, Oleg"]
[Result "0-1"]
[WhiteTitle "IM"]
[WhiteElo "2423"]
[BlackElo "2290"]
[WhiteFideId "4187997"]
[BlackFideId "4166612"]
[EventDate "2011.08.12"]

1. e4 c5 2. Nf3 e6 3. g3 a6 4. Bg2 b5 5. O-O Bb7 6. Qe2 Nf6 7. e5 Nd5 8. d3 d6
9. c4 Nb6 10. exd6 Bxd6 11. Nc3 Bc6 12. Ne4 O-O 13. d4 Bxe4 14. Qxe4 N8d7 15.
cxb5 Nf6 16. Qe2 c4 17. bxa6 Qc7 18. Bg5 Rxa6 19. b3 Ra7 20. Ne5 cxb3 21. axb3
Rxa1 22. Rxa1 Qc3 23. Rb1 Qxd4 24. Nc6 Qc3 25. b4 Nfd5 26. b5 Ra8 27. h4 h6 28.
Bc1 Bc5 29. Qd2 Qxg3 30. Qc2 Nc3 31. Kf1 Ra2 32. Rb2 Qxf2+ 33. Qxf2 Bxf2 34.
Rxf2 Ra1 35. Rc2 Na2 36. Rxa2 Rxa2 37. Be3 Ra1+ 38. Kf2 Nc4 39. Bc5 Ra2+ 40. Kg3
Rb2 41. Ne7+ Kh7 42. Bc6 Rb3+ 43. Kg2 g5 44. Bd4 f5 45. Bf6 Ne3+ 46. Kg1 Rb1+
47. Kf2 Ng4+ 48. Ke2 Nxf6 0-1

[Event "Botvinnik 100th Open"]
[Site "St Petersburg RUS"]
[Date "2011.08.17"]
[Round "6"]
[White "Artemiev, Vladislav"]
[Black "Nuretdinov, Igor"]
[Result "1-0"]
[WhiteTitle "FM"]
[WhiteElo "2401"]
[BlackElo "2276"]
[WhiteFideId "24101605"]
[BlackFideId "14700085"]
[EventDate "2011.08.12"]

1. e4 e6 2. d4 d5 3. Nc3 Bb4 4. e5 c5 5. a3 Bxc3+ 6. bxc3 Nc6 7. Qg4 g6 8. Nf3
Qa5 9. Bd2 Qa4 10. Ra2 c4 11. Be2 Bd7 12. Qh4 h6 13. Bg5 Rh7 14. Kd2 Rc8 15. Rb1
Rc7 16. g4 Bc8 17. Be3 Nb8 18. Ng5 Rg7 19. Nh3 Rc6 20. f4 Rb6 21. Rxb6 axb6 22.
Nf2 Na6 23. f5 exf5 24. gxf5 Bxf5 25. Bg4 Qd7 26. Rb2 g5 27. Qg3 Bxg4 28. Nxg4
Rg6 29. Bf2 Nc7 30. Rb1 Kd8 31. Qf3 Kc8 32. Bg3 Re6 33. Rf1 h5 34. Nf6 Nxf6 35.
exf6 g4 36. Qf5 Ne8 37. Qxh5 Rxf6 38. Qe5 Rd6 39. Re1 Nf6 40. Qxd6 1-0

[Event "Botvinnik 100th Open"]
[Site "St Petersburg RUS"]
[Date "2011.08.17"]
[Round "6"]
[White "Barhudarian, Rafael"]
[Black "Kabanov, Nikolai"]
[Result "1/2-1/2"]
[WhiteTitle "FM"]
[BlackTitle "GM"]
[WhiteElo "2325"]
[BlackElo "2520"]
[WhiteFideId "4182685"]
[BlackFideId "4127820"]
[EventDate "2011.08.12"]

1. d4 Nf6 2. Nc3 d5 3. Bg5 Bf5 4. e3 Nbd7 5. Bd3 Bg6 6. Nf3 c6 7. O-O Qb6 8. Rb1
e6 9. Qe2 Bxd3 10. Qxd3 Be7 11. b4 O-O 12. Ne5 Qd8 13. f4 Nxe5 14. fxe5 Nd7 15.
Bxe7 Qxe7 16. e4 a6 17. a4 f6 18. exf6 Rxf6 19. Rxf6 Qxf6 20. b5 axb5 21. axb5
Rf8 22. Rf1 Qh4 23. Rxf8+ Nxf8 24. g3 Qg5 25. bxc6 bxc6 26. exd5 cxd5 27. Ne2
Ng6 28. Kf2 Qg4 29. c4 dxc4 30. Qxc4 h5 31. Qd3 h4 32. Qf3 Qh3 33. Qg2 Qf5+ 34.
Qf3 Qc2 35. Qa8+ Kh7 36. Qf3 hxg3+ 37. hxg3 Kg8 38. Qa8+ Nf8 39. Qf3 Nd7 40.
Qa8+ Kf7 41. Qb7 Ke7 42. Qb4+ Ke8 43. Qd6 Qa2 44. Qc6 Ke7 45. Qb7 Qc4 46. Qe4
Nf6 47. Qb7+ Kf8 48. Qa8+ Kf7 49. Qb7+ Kg6 50. Qf3 1/2-1/2